000 nam a22 7a 4500
999 _c8275
_d8275
008 171213b xxu||||| |||| 00| 0 eng d
100 _aWilson.J.
_94696
245 _aThe 1988 beaver Slout
260 _aBritain
_bOmert
_c1999